[Event "FSIMB September"]
[Site "Budapest HUN"]
[Date "2010.09.08"]
[Round "5"]
[White "Titz,Hei"]
[Black "To,N"]
[Result "1/2-1/2"]
[WhiteElo "2225"]
[BlackElo "2426"]

1.c4 c6 2.Nf3 d5 3.e3 Nf6 4.b3 Bg4 5.Bb2 Nbd7 6.Be2 e6 7.O-O Bd6 8.h3 Bh5
9.d4 O-O 10.Ne5 Bxe2 11.Qxe2 Re8 12.Nd2 Bf8 13.Rfd1 a5 14.a3 Qb6 15.c5 Qa6
16.Qxa6 Rxa6 17.Nxd7 Nxd7 18.b4 b6 19.Bc3 Rea8 20.Nb3 a4 21.Nc1 b5 22.Nd3 f6
23.f3 Re8 24.e4 f5 25.exf5 exf5 26.Re1 Raa8 27.Bd2 g6 28.Bf4 Bg7 29.Be5 Bxe5
30.dxe5 g5 31.h4 h6 32.hxg5 hxg5 33.g3 Kf7 34.Ra2 Ke6 35.f4 g4 36.Rh2 Rh8
37.Ree2 d4 38.Re1 Rxh2 39.Kxh2 Re8 40.Kg2 Kd5 41.Rc1 Re6 42.Nf2 Nxe5 43.fxe5 Rxe5
44.Rh1 Kc4 45.Rh6 Rd5 46.Rxc6 d3 47.Rb6 d2 48.c6 Rd8 49.Nd1 Rc8 50.Kf2 Kb3
51.Rxb5 Kxa3 52.Rb6 Kb3 53.b5 f4 54.gxf4 Kc2 55.Ne3+ Kd3 56.Nd1 Kc2 57.Ra6 g3+
58.Kxg3 Kxd1 59.Rxa4 Ke2 60.Ra2 Rg8+ 61.Kh4 Rh8+ 62.Kg5 Rb8 63.Kf6 Rxb5 64.Ke6 Rc5
65.Kd6 Rc4 66.f5 Rd4+ 67.Ke5 Rc4 68.Kd6 Rd4+ 69.Ke5 Rc4  1/2-1/2

[Event "ch-ESP"]
[Site "El Sauzal ESP"]
[Date "2010.09.08"]
[Round "5"]
[White "Moreno Ruiz,J"]
[Black "Rodriguez Fontecha,M"]
[Result "1-0"]
[WhiteElo "2491"]
[BlackElo "2237"]

1.c4 c6 2.g3 Nf6 3.Bg2 d5 4.Nf3 Bg4 5.Ne5 Bf5 6.cxd5 cxd5 7.Nc3 e6 8.Qa4+ Nfd7
9.Nxd5 exd5 10.Bxd5 Qb6 11.Nxf7 Rg8 12.Ng5 Rh8 13.Qf4 Bg6 14.Bf7+ Ke7 15.b3 Qa5
16.Bxg6 hxg6 17.Qf7+ Kd6 18.Qxg6+  1-0

[Event "6th ch-EU"]
[Site "Arvier ITA"]
[Date "2010.09.09"]
[Round "6"]
[White "Lisandri,L"]
[Black "Bonino,Silvano"]
[Result "0-1"]
[WhiteElo "1463"]
[BlackElo "1428"]

1.c4 c6 2.Nc3 Nf6 3.e4 e5 4.Nf3 d6 5.Be2 Be7 6.O-O O-O 7.d4 Nbd7 8.Qc2 exd4
9.Nxd4 Nc5 10.Bf3 Ncd7 11.Nf5 Ne5 12.Nxe7+ Qxe7 13.Be2 h6 14.Rd1 Be6 15.g3 Rfd8
16.Bf4 Ne8 17.Rd2 Rd7 18.Bxe5 dxe5 19.Rxd7 Bxd7 20.Rd1 Rd8 21.Rd2 Be6 22.b3 Rxd2
23.Qxd2 Qd6 24.Nb1 Qxd2 25.Nxd2 Nd6 26.g4 c5 27.Kg2 g5 28.Kg3 Kg7 29.h4 f6
30.Nf3 Nxe4+ 31.Kg2 Nc3 32.Ng1 Nxe2 33.Nxe2 Bxg4 34.f3 Be6 35.hxg5 hxg5 36.Kg3 f5
37.Nc3 b6 38.Nb5 a5 39.Nc3 Kf6 40.Nb5 e4 41.fxe4 fxe4 42.Nc3 Kf5 43.Ne2 Ke5
44.Kf2 Bg4 45.Nc3 Kd4 46.Nd5 Kd3 47.Kg3 Bf3 48.Kf2 Kd2 49.Ne3 g4 50.Nf5 Kc2
51.Ne3+ Kb2 52.Kg3 Kxa2 53.Kf4 Kxb3  0-1

[Event "12th Open"]
[Site "Trieste ITA"]
[Date "2010.09.09"]
[Round "7"]
[White "Jovic,Sta"]
[Black "Mocchi,T"]
[Result "1-0"]
[WhiteElo "2290"]
[BlackElo "2248"]

1.c4 c6 2.e4 d5 3.exd5 cxd5 4.cxd5 Nf6 5.Qa4+ Nbd7 6.Nc3 g6 7.Bc4 Bg7 8.d3 O-O
9.Nf3 a6 10.Qa3 Nb6 11.Qb3 Nxc4 12.dxc4 e6 13.O-O b5 14.cxb5 Nxd5 15.Nxd5 exd5
16.Rd1 Qb6 17.a4 Be6 18.Qb4 axb5 19.a5 Qc6 20.Be3 Qc4 21.Qd2 b4 22.Rdc1 Qb5
23.Bb6 Rfc8 24.Nd4 Qa6 25.Qxb4 Bf8 26.Qb3 Rxc1+ 27.Rxc1 Rc8 28.Re1 Re8 29.h3 Bg7
30.Qa4 Rb8 31.Nxe6 fxe6 32.Rxe6 Qc4 33.Re8+ Rxe8 34.Qxe8+ Bf8 35.Qe6+ Kg7
36.a6 Bc5 37.Qe5+ Kh6 38.Bxc5 Qxc5 39.Qe3+  1-0

[Event "TCh-CHN"]
[Site "Guangzhou CHN"]
[Date "2010.09.12"]
[Round "12"]
[White "Xu Jun"]
[Black "Yu Lie"]
[Result "1/2-1/2"]
[WhiteElo "2513"]
[BlackElo "2449"]

1.c4 c6 2.d4 d5 3.Nf3 Nf6 4.Qc2 e6 5.Nbd2 Nbd7 6.g3 b6 7.Bg2 Bb7 8.O-O Be7
9.e4 O-O 10.Rd1 Rc8 11.e5 Ne8 12.b3 Nc7 13.Bb2 c5 14.Rac1 b5 15.cxd5 Nxd5
16.Qb1 cxd4 17.Bxd4 Nc5 18.Bxc5 Rxc5 19.Rxc5 Bxc5 20.Ne4 Be7 21.Ne1 Qb6 22.Nd3 Rc8
23.Rc1 Rxc1+ 24.Qxc1 Qd4 25.Qc2 Qa1+ 26.Qc1 Qd4 27.Qc2 Qa1+ 28.Qc1 Qxa2 29.Nec5 Ba6
30.Ne4  1/2-1/2

[Event "e2e4 Open"]
[Site "Sunningdale ENG"]
[Date "2010.09.12"]
[Round "5"]
[White "White,K"]
[Black "Josse,Mar"]
[Result "1/2-1/2"]
[WhiteElo "2079"]
[BlackElo "2045"]

1.c4 c6 2.g3 d5 3.Bg2 Nf6 4.Nf3 dxc4 5.Qc2 Be6 6.Ng5 Qd7 7.Nxe6 Qxe6 8.Na3 Nbd7
9.Nxc4 g6 10.d4 Bg7 11.O-O O-O 12.e4 Nb6 13.Nxb6 axb6 14.Bd2 Rfc8  1/2-1/2

[Event "Open"]
[Site "Livigno ITA"]
[Date "2010.09.16"]
[Round "7"]
[White "Innocenti,L"]
[Black "Mlynek,P"]
[Result "0-1"]
[WhiteElo "2020"]
[BlackElo "2183"]

1.c4 c6 2.Nf3 d5 3.b3 Nf6 4.Bb2 Bf5 5.g3 e6 6.Bg2 h6 7.O-O Nbd7 8.d3 Bc5
9.Nc3 O-O 10.a3 a5 11.Na4 Bd6 12.Nd4 Bh7 13.cxd5 exd5 14.Qd2 Re8 15.Bc3 Ra6
16.b4 axb4 17.axb4 Qa8 18.Qc2 b5 19.Nc5 Nxc5 20.bxc5 Bxc5 21.Nxb5 cxb5 22.Bxf6 Rc8
23.Rxa6 Qxa6 24.Ra1 Qxf6  0-1

[Event "TCh-NED Meesterklasse 2010-11"]
[Site "Netherlands NED"]
[Date "2010.09.18"]
[Round "1.3"]
[White "Ree,H"]
[Black "Giri,A"]
[Result "1/2-1/2"]
[WhiteElo "2385"]
[BlackElo "2677"]

1.c4 c6 2.Nf3 Nf6 3.g3 d5 4.b3 Bg4 5.Bb2 Bxf3 6.exf3 e6 7.Bg2 g6 8.O-O Bg7
9.Ba3 h5 10.Nc3 h4 11.f4 Bf8 12.Bb2 Be7 13.g4 h3 14.Bf3  1/2-1/2

[Event "EYCC Girls U18"]
[Site "Batumi GEO"]
[Date "2010.09.21"]
[Round "2"]
[White "Kulon,K"]
[Black "Torosyan,L"]
[Result "1-0"]
[WhiteElo "2196"]
[BlackElo "1945"]

1.c4 c6 2.Nf3 d5 3.e3 Nf6 4.b3 Bg4 5.Bb2 Nbd7 6.Be2 Bxf3 7.Bxf3 e5 8.cxd5 cxd5
9.d4 e4 10.Be2 Bd6 11.Nc3 a6 12.a4 Rc8 13.O-O O-O 14.h3 Qe7 15.Na2 Ne8 16.a5 f5
17.b4 Nc7 18.Qb3 f4 19.exf4 Bxf4 20.Bc1 Qg5 21.Bg4 Rcd8 22.Qg3 h5 23.Bxf4 Rxf4
24.Rac1 Nf6 25.Rxc7 hxg4 26.h4 Qf5 27.Rcc1 Rf8 28.Qb3 Rf3 29.Nc3 Rd3 30.Rcd1 Rxd1
31.Nxd1 Rd8 32.Ne3 Qc8 33.Rb1 Qc7 34.g3 Kf7 35.Rb2 Rd6 36.Rc2 Qd7 37.Rc5 Ke6
38.b5 g6 39.Ng2 Nh5 40.Qd1 Kf7 41.Qc1 Qd8 42.b6 Rd7 43.Rc8 Qe7 44.Qh6 Rd8
45.Rc7 Rd7 46.Qh7+ Ng7 47.Rc5 Rd6 48.Nf4 e3 49.Rc7 exf2+ 50.Kxf2 Rd7 51.Qxg6+ Kg8
52.Rc8+  1-0

[Event "EYCC Girls U18"]
[Site "Batumi GEO"]
[Date "2010.09.23"]
[Round "4"]
[White "Kulon,K"]
[Black "Olsarova,K"]
[Result "1-0"]
[WhiteElo "2196"]
[BlackElo "2203"]

1.c4 c6 2.Nf3 d5 3.e3 Nf6 4.b3 Bf5 5.Bb2 e6 6.Be2 h6 7.O-O Nbd7 8.d4 Be7
9.Nc3 O-O 10.Bd3 Bxd3 11.Qxd3 Qb6 12.e4 dxe4 13.Nxe4 Rad8 14.Rad1 c5 15.Nxf6+ Bxf6
16.Qe3 Qc7 17.g3 Rfe8 18.Rd2 cxd4 19.Nxd4 a6 20.h4 Ne5 21.Bc3 h5 22.Rfd1 Ng4
23.Qe4 b5 24.Nc6 Rc8 25.Nd4 bxc4 26.b4 Be5 27.Rc1 Red8 28.Nc6 Rxd2 29.Nxe5 f5
30.Qe1 Nxe5 31.Bxe5 Qd7 32.Bc3 Rd5 33.Qe2 Rd8 34.Kh2 Rd1 35.Rxd1 Qxd1 36.Qxe6+ Kh8
37.Qh6+  1-0

[Event "DDS GM"]
[Site "Borovo CRO"]
[Date "2010.09.23"]
[Round "7"]
[White "Goric,E"]
[Black "Szuhanek,R"]
[Result "1/2-1/2"]
[WhiteElo "2365"]
[BlackElo "2504"]

1.c4 c6 2.d4 d5 3.cxd5 cxd5 4.Nc3 Nf6 5.Nf3 Nc6 6.Bf4 a6 7.e3 Bf5 8.Rc1 Rc8
9.Be2 e6 10.O-O Nd7 11.a3 Be7 12.b4 g5 13.Bg3 h5 14.h3 g4 15.hxg4 hxg4 16.Nh2 Bh4
17.Bxg4 Bxg3 18.fxg3 Bg6 19.Qf3 Nb6 20.Qf4 f5 21.Bh3 Qc7 22.Qg5 Qh7 23.g4 Ne7
24.gxf5 Bxf5 25.Ng4 Qh4  1/2-1/2

[Event "39th Olympiad Women"]
[Site "Khanty-Mansiysk RUS"]
[Date "2010.09.23"]
[Round "3"]
[White "Harika,D"]
[Black "Petrenko,S"]
[Result "1/2-1/2"]
[WhiteElo "2515"]
[BlackElo "2263"]

1.c4 c6 2.Nf3 d5 3.d4 e6 4.Qc2 Nf6 5.Bg5 h6 6.Bh4 Qa5+ 7.Nfd2 Ne4 8.Nc3 Nxd2
9.Qxd2 dxc4 10.e3 b5 11.Be2 Bb4 12.O-O O-O 13.a3 Bxc3 14.bxc3 Nd7 15.e4 Qc7
16.f4 f5 17.exf5 exf5 18.Rfe1 Nf6 19.Bxf6 Rxf6 20.Bf3 Be6 21.a4 Rd8 22.Re5 Qb6
23.Qe3 Bf7 24.Re7 b4 25.a5 Qb8 26.cxb4 Qxb4 27.Qa3 Qb8 28.Qc5 Qb2 29.Rd1 c3
30.Re2 Qb3 31.Re3 Qb8 32.Qxc3 Qxf4 33.Re7 a6 34.Ra7 Bd5 35.Bxd5+ cxd5 36.Rf1 Qb8
37.Rc7 f4 38.Qc5 Rf7 39.Rxf7 Kxf7 40.g3 g5 41.gxf4 gxf4 42.Qc1 Rg8+ 43.Kh1 Rg6
44.Rxf4+ Kg7 45.Rf1 Qe8 46.Re1 Qf7 47.Qe3 Rf6 48.Qe5  1/2-1/2

[Event "39th Olympiad Men"]
[Site "Khanty-Mansiysk RUS"]
[Date "2010.09.24"]
[Round "4"]
[White "Ivanchuk,V"]
[Black "Beliavsky,A"]
[Result "1-0"]
[WhiteElo "2754"]
[BlackElo "2632"]

1.c4 c6 2.e4 d5 3.exd5 cxd5 4.d4 Nf6 5.Nc3 Nc6 6.Bg5 dxc4 7.Bxc4 Nxd4 8.Nf3 Nxf3+
9.Qxf3 Qc7 10.Bb5+ Bd7 11.O-O Bc6 12.Bxf6 gxf6 13.Rad1 e6 14.Nd5 O-O-O 15.Bxc6 exd5
16.Bxd5 Kb8 17.Rc1 Qd7 18.Rcd1 Be7 19.g3 Qc7 20.Rc1 Qd7 21.Rfd1 Rc8 22.Bxb7 Rxc1
23.Rxc1 Qxb7 24.Qf4+ Ka8 25.Rc7  1-0

[Event "39th Olympiad Men"]
[Site "Khanty-Mansiysk RUS"]
[Date "2010.09.24"]
[Round "4"]
[White "Vallejo Pons,F"]
[Black "Smeets,J"]
[Result "1/2-1/2"]
[WhiteElo "2697"]
[BlackElo "2669"]

1.c4 c6 2.Nf3 d5 3.d4 Nf6 4.e3 Bg4 5.Qb3 Qb6 6.Nc3 e6 7.Nh4 Bh5 8.h3 Qxb3
9.axb3 Na6 10.g4 Nb4 11.Ra4 Bg6 12.Nxg6 hxg6 13.f3  1/2-1/2

[Event "39th Olympiad Women"]
[Site "Khanty-Mansiysk RUS"]
[Date "2010.09.24"]
[Round "4"]
[White "Pitam,E"]
[Black "Jose,Ru"]
[Result "1/2-1/2"]
[WhiteElo "2293"]
[BlackElo "2039"]

1.c4 c6 2.Nf3 d5 3.Qc2 Nf6 4.g3 g6 5.Bg2 Bg7 6.O-O O-O 7.d3 Na6 8.a3 Re8
9.Nbd2 e5 10.e3 Bf5 11.e4 Bc8 12.b4 dxe4 13.dxe4 Bg4 14.Bb2 Bxf3 15.Nxf3 Nd7
16.Rad1 Qe7 17.Rd3 Nc7 18.Rfd1 Nf8 19.h4 a5 20.Qb3 Na6 21.c5 axb4 22.axb4 Nc7
23.Bh3 Nb5 24.Qc4 Nd4 25.Nxd4 exd4 26.Bxd4 Qxe4 27.Re3 Qd5 28.Qxd5 cxd5 29.Rxe8 Rxe8
30.Bxg7 Kxg7 31.Rxd5 Re7 32.Rd6 f5 33.Rb6 Ne6 34.Bg2 Nd8 35.Bf3 f4 36.gxf4 Rc7
37.Kg2 Nc6 38.Bxc6 bxc6 39.Kg3 Kf7 40.Kg4 Kg7 41.f5 Rd7 42.f6+ Kf7 43.f4 Rd4
44.Rxc6 Rxb4 45.Rd6 Rc4 46.c6 Rc3 47.h5 gxh5+ 48.Kxh5 Rc4 49.Kg5 Rc5+ 50.Kg4 h6
51.Kf3 h5 52.Kg3 Rc4 53.f5 Rg4+ 54.Kf3 Rc4 55.Re6 h4 56.Rd6 Rc3+ 57.Kg2 Rg3+
58.Kh2 Rc3 59.Re6 Rc5 60.Kh3 Rxf5 61.Rd6 Rf4 62.Kg2 Rf5 63.Kh2 Rf2+ 64.Kh3 Rf4
65.Rd8 Rc4 66.Rc8 Kxf6 67.c7 Ke7 68.Rh8 Rxc7 69.Rh7+ Kd6 70.Rxc7 Kxc7 71.Kxh4  1/2-1/2

[Event "39th Olympiad Men"]
[Site "Khanty-Mansiysk RUS"]
[Date "2010.09.24"]
[Round "4"]
[White "McNab,C"]
[Black "Kazhgaleyev,M"]
[Result "1/2-1/2"]
[WhiteElo "2445"]
[BlackElo "2620"]

1.c4 c6 2.Nf3 d5 3.g3 Nf6 4.Bg2 Bg4 5.cxd5 Bxf3 6.Bxf3 cxd5 7.d3 Nc6 8.O-O e6
9.Nc3 Be7 10.e4 dxe4 11.dxe4 Nd7 12.Be2 a6 13.Be3 Bc5 14.Qd2 Bxe3 15.Qxe3 Qb6
16.Qxb6 Nxb6 17.Rfd1 Ke7 18.f4 f6 19.Kf2 e5 20.Nd5+ Nxd5 21.Rxd5 Nb4 22.Rc5 Rac8
23.Rxc8 Rxc8 24.a3 Nc6 25.Rc1 Kd6 26.b4 Re8 27.Ke3 Nd4 28.fxe5+ fxe5 29.Rc5 Re7
30.Rd5+ Kc7 31.Rc5+ Kb8 32.a4 b6 33.Rc1 Ka7 34.Rc8 Kb7 35.Rc1 Rf7 36.h4 Rf6
37.h5 Rh6 38.Rf1 Nxe2 39.Rf7+ Kc6 40.Kxe2 Rxh5 41.Rxg7 Rh2+ 42.Kd3 Ra2 43.a5 Ra3+
44.Kc2 bxa5 45.bxa5 Kc5 46.Rd7 Rxa5 47.Kb3 Rb5+ 48.Kc3 h6 49.Re7 Kd6 50.Rh7 Rc5+
51.Kb3 Rc1 52.Rxh6+ Kc5 53.Kb2 Rg1 54.Rxa6 Kd4 55.Kc2 Kxe4 56.Ra3 Kd4 57.Kd2 Rg2+
58.Ke1 e4 59.Ra4+ Ke5 60.Ra5+ Kf6 61.Ra3 Rb2 62.Ra5 Rg2 63.Ra3 Kf5 64.Kf1 Rb2
65.Ke1 Kg4 66.Re3 Kf5 67.Ra3 Rc2 68.Kd1 Rh2 69.Ke1 Rb2 70.Kf1 Ke5 71.Ke1 Rh2
72.Ra5+  1/2-1/2

[Event "39th Olympiad Women"]
[Site "Khanty-Mansiysk RUS"]
[Date "2010.09.25"]
[Round "5"]
[White "Pitam,E"]
[Black "Lkhamsuren,U"]
[Result "1-0"]
[WhiteElo "2293"]
[BlackElo "2206"]

1.c4 c6 2.Nf3 d5 3.e3 Nf6 4.b3 Bf5 5.Bb2 Nbd7 6.Be2 e6 7.O-O Bd6 8.Nc3 O-O
9.Rc1 Rc8 10.d3 Re8 11.Qd2 Bb8 12.Rfd1 Nf8 13.Qe1 Qe7 14.g3 N8d7 15.Qf1 h6
16.Nh4 Bh7 17.Qg2 Ne5 18.Nf3 Nxf3+ 19.Bxf3 Rcd8 20.e4 d4 21.Nb1 e5 22.Rf1 Nd7
23.g4 Nf8 24.Rcd1 Ne6 25.Bc1 Bd6 26.Be2 a5 27.Rd2 a4 28.bxa4 Ra8 29.Bd1 Nc5
30.Ba3 Ne6 31.Bc1 Rec8 32.Bb3 Nc5 33.Rdd1 g5 34.h4 Kg7 35.Qf3 Ne6 36.h5 Qf6
37.Qg3 Nc5 38.Ba3 Nxa4 39.Bxd6 Qxd6 40.Qf3 Nc5 41.Nd2 Qf6 42.Qg3 Ne6 43.Nf3 Nf4
44.Rd2 Qe7 45.Ne1 Qb4 46.Rc2 Qe7 47.Ng2 Qf6 48.Nxf4 Qxf4 49.Qxf4 gxf4 50.c5 Ra5
51.Rb1 Rc7 52.Kg2 Bg8 53.Kf3 f6 54.Bxg8 Kxg8 55.Rb3 Kf7 56.Rcb2 Kg8 57.Rxb7 Rxb7
58.Rxb7 Rxa2 59.Rb6 Rd2 60.Rxc6 Kg7 61.Rc7+ Kg8 62.g5 hxg5 63.c6 Rxd3+ 64.Kg4 Rc3
65.Kf5 Ra3 66.Kg6 Ra8 67.Rd7  1-0

[Event "TCh-BEL 2010-11"]
[Site "Belgium BEL"]
[Date "2010.09.26"]
[Round "1.1"]
[White "Marzolo,C"]
[Black "Van der Stricht,G"]
[Result "1/2-1/2"]
[WhiteElo "2446"]
[BlackElo "2392"]

1.c4 c6 2.e4 d5 3.exd5 cxd5 4.d4 Nf6 5.Nc3 e6 6.Nf3 Bb4 7.Bd3 dxc4 8.Bxc4 O-O
9.O-O b6 10.Bg5 Bb7 11.Re1 Nbd7 12.Rc1 Rc8 13.Qb3 Bxc3 14.Rxc3 h6 15.Bh4 Qe8
16.Nd2 Nd5 17.Rcc1 N7f6 18.f3 Qd7 19.Ne4 g5 20.Bf2 Kg7 21.Rcd1 Nh5 22.Bf1 Nhf4
23.Nc3 Rfd8 24.Ne4 Bc6 25.Rd2 Ba4 26.Qa3 Bb5 27.Bxb5 Qxb5 28.Nd6 Rxd6 29.Qxd6 Qa5
30.Red1 Rc1 31.Qe5+ Kh7 32.Qe1 Rxd1 33.Rxd1 Qxa2 34.Rd2 Qc4 35.h4 Kg7 36.Kh2 a5
37.Qe5+ f6 38.Qe1 Kf7 39.Qb1 f5 40.Qd1 Nb4 41.hxg5 hxg5 42.Be3 Qc7 43.Bxf4 Qxf4+
44.g3  1/2-1/2

[Event "39th Olympiad Men"]
[Site "Khanty-Mansiysk RUS"]
[Date "2010.09.27"]
[Round "6"]
[White "Leon Hoyos,M"]
[Black "Buhmann,R"]
[Result "1/2-1/2"]
[WhiteElo "2579"]
[BlackElo "2563"]

1.c4 c6 2.g3 d5 3.Bg2 Nf6 4.Nf3 dxc4 5.O-O Nbd7 6.Qc2 Nb6 7.a4 a5 8.Na3 Qd5
9.Ne1 Bf5 10.Bxd5 Bxc2 11.Bxc6+ bxc6 12.Naxc2 g6 13.d3 Bg7 14.Ne3 cxd3 15.Nxd3 O-O
16.Bd2 Ne4 17.Rfd1 c5 18.Rac1 Nxa4 19.Rc4 Nxd2 20.Rxd2 Nb6 21.Rxc5 Bd4 22.Rc6 Rfb8
23.Nc2 Bg7 24.Na3 e6 25.e4 Na4 26.Nc4 Rd8 27.e5 Bf8 28.f4 Rab8 29.Kf2 Rd5
30.Ke2 Be7 31.Kd1 Kf8 32.Kc2 Rdb5 33.Kc1 Nb6 34.Nxb6 R5xb6 35.Rdc2 Rxc6 36.Rxc6 a4
37.Kc2 Ra8 38.Kb1 Rd8 39.Kc2 Ra8 40.Kb1 Rd8 41.Rc3 Rd4 42.Kc2 Re4 43.Rc8+ Kg7
44.Kd2 g5 45.Nf2 Rb4 46.Nd3 Re4 47.Nf2  1/2-1/2

[Event "39th Olympiad Men"]
[Site "Khanty-Mansiysk RUS"]
[Date "2010.09.28"]
[Round "7"]
[White "Juddan,Ahmid"]
[Black "Yang Ching Wei, Austin"]
[Result "1-0"]
[WhiteElo "1832"]
[BlackElo "1695"]

1.c4 c6 2.e4 e6 3.d4 d5 4.Nc3 Bb4 5.e5 Ne7 6.Nf3 Nd7 7.Bd2 dxc4 8.Ne4 Bxd2+
9.Qxd2 O-O 10.Bxc4 Qc7 11.O-O c5 12.Rac1 Rd8 13.Qg5 Ng6 14.h4 h6 15.Qg4 a6
16.h5 Ngf8 17.Nd6 b5 18.Nxf7 Kxf7 19.Bd3 c4 20.d5 Nc5 21.d6 Qd7 22.Bb1 Bb7
23.Nh4 Rac8 24.Ng6 Nxg6 25.Qxg6+ Kg8 26.Qh7+ Kf8 27.Qh8+ Kf7 28.Bg6+  1-0

[Event "Highlands Open"]
[Site "Zdar nad Sazavou CZE"]
[Date "2010.09.28"]
[Round "5"]
[White "Loktiev,I"]
[Black "Snorek,M"]
[Result "1/2-1/2"]
[WhiteElo "2234"]
[BlackElo "2143"]

1.c4 c6 2.Nf3 d5 3.e3 Nf6 4.Nc3 Bf5 5.cxd5 cxd5 6.Qb3 Qb6 7.Nxd5 Nxd5 8.Qxd5 e6
9.Qb5+ Nc6 10.Be2 O-O-O 11.Qxb6 axb6 12.O-O Nb4 13.Ne1 g5 14.d4 Bg7 15.Bd2 Nc6
16.Nf3 e5 17.Nxg5 Bg6 18.Bc4 Rd7 19.Rac1 Kb8 20.Bb5 exd4 21.exd4 Bxd4 22.Bc3 Bxc3
23.bxc3 Rd2 24.Bc4 Ne5 25.Bb3 h6 26.Nh3 Rc8 27.Nf4 Bh7 28.h3 b5 29.Rfd1 Rxd1+
30.Rxd1 Rxc3 31.Rd5 Nd3 32.Rd8+ Ka7 33.Nxd3 Bxd3 34.Bxf7 Rc1+ 35.Kh2 Bc4
36.Rc8 Ra1 37.Bxc4 bxc4 38.Rxc4 Rxa2 39.f4 b5 40.Rc1 Kb6 41.Rf1 Ra8 42.g4 Kc5
43.Kg3 Kd6 44.Kh4 Ke7 45.Kh5 Kf6 46.h4 b4 47.f5 b3 48.g5+ hxg5 49.hxg5+ Kf7
50.Rb1 Rb8 51.Rb2 Rh8+ 52.Kg4 Rb8  1/2-1/2

[Event "39th Olympiad Men"]
[Site "Khanty-Mansiysk RUS"]
[Date "2010.09.29"]
[Round "8"]
[White "Jere,D"]
[Black "Oatlhotse,P"]
[Result "1-0"]
[WhiteElo "2267"]
[BlackElo "2213"]

1.c4 c6 2.g3 d5 3.Bg2 Nf6 4.Nf3 dxc4 5.Qc2 g6 6.Qxc4 Bg7 7.O-O O-O 8.Nc3 Nbd7
9.d4 Nb6 10.Qd3 Be6 11.Rd1 Qc8 12.Bg5 h6 13.Bxf6 exf6 14.e3 Rd8 15.Rac1 f5
16.Qb1 Nd5 17.Ne1 Nxc3 18.Rxc3 Bd5 19.Bxd5 Rxd5 20.Nd3 Qc7 21.b4 Qb6 22.Qb3 Bf8
23.a4 a6 24.Rb1 Kg7 25.Nf4 Rd7 26.b5 cxb5 27.axb5 a5 28.Rc4 Bd6 29.Nd3 h5
30.Qc3 Qd8 31.b6 Qf6 32.Ra4 h4 33.Rxa5 Rh8 34.Ne5 Re7 35.Qa1 Qg5 36.Ra8 Rxa8
37.Qxa8 Bxe5 38.dxe5 Qg4 39.Qd8 Rxe5 40.Qxh4 Qxh4 41.gxh4 Re4 42.h5 gxh5
43.Kg2 Rg4+ 44.Kf3 Rh4 45.Rd1 Rb4 46.Rd6 h4 47.Kg2 Kf8 48.Kh3 Ke7 49.Rh6 Rb2
50.f4 Re2 51.Rh8 Rxe3+ 52.Kxh4 Re6 53.Kg5 Rxb6 54.Rb8 Kd7 55.h4 Rb1 56.h5 Kc7
57.Rf8 b5 58.h6 Rg1+ 59.Kxf5 Rh1 60.Rxf7+ Kc6 61.h7 b4 62.Kg6 b3 63.Rf8 b2
64.Rb8 Rg1+ 65.Kf6 Rh1 66.Rxb2 Rxh7 67.Rd2 Rh3 68.f5 Rf3 69.Ke6 Re3+ 70.Kf7 Rf3
71.f6 Rg3 72.Kf8 Kc7 73.f7 Rg1 74.Rd5 Kc6 75.Rh5 Kd7 76.Rh7 Rb1  1-0

[Event "39th Olympiad Men"]
[Site "Khanty-Mansiysk RUS"]
[Date "2010.09.29"]
[Round "8"]
[White "Cicak,S"]
[Black "Magem Badals,J"]
[Result "0-1"]
[WhiteElo "2568"]
[BlackElo "2589"]

1.c4 c6 2.Nf3 d5 3.e3 Nf6 4.Nc3 e6 5.b3 Bd6 6.Bb2 O-O 7.d4 Nbd7 8.Qc2 e5
9.cxd5 cxd5 10.dxe5 Nxe5 11.Be2 Nxf3+ 12.Bxf3 d4 13.exd4 Re8+ 14.Kf1 Qa5
15.a3 Bf5 16.Qd1 Rac8 17.g4 Bg6 18.b4 Qa6+ 19.Kg2 Bb8 20.h3 Rcd8 21.Qd2 Be5
22.Qe2 Bd3 23.Qxe5 Rxe5 24.dxe5 Ne4 25.b5 Qg6 26.Rhd1 Nxc3 27.Bxc3 Rc8 28.Bb4 Be4
29.Rac1 Re8 30.Rd6 Bxf3+ 31.Kxf3 Qg5 32.Re1 h5 33.Re4 hxg4+ 34.hxg4 Rxe5
35.Rxe5 Qxe5 36.b6 a5 37.Rd8+ Kh7  0-1

[Event "21st Open"]
[Site "Goch GER"]
[Date "2010.09.30"]
[Round "1.23"]
[White "Rubel,J"]
[Black "Kostowski,I"]
[Result "1-0"]
[WhiteElo "2181"]
[BlackElo "1867"]

1.c4 c6 2.Nf3 d5 3.d4 Nf6 4.e3 Bg4 5.Qb3 Qc7 6.Ne5 Nbd7 7.Nxg4 Nxg4 8.cxd5 cxd5
9.Bd2 Nxh2 10.Be2 Nf6 11.Qb5+ Kd8 12.Nc3 e6 13.Rc1 Qb8 14.e4 dxe4 15.d5 Qe5
16.dxe6 Qxb5 17.Nxb5 Nhg4 18.exf7 b6 19.Nc7 Rb8 20.Bf4 Kd7 21.Bb5+ Ke7 22.Nd5+ Nxd5
23.Bxb8 Kf6 24.O-O Bc5 25.Bg3 h5 26.Rxc5 bxc5 27.Rd1 h4 28.Bxh4+ Kxf7 29.Rxd5 Rxh4
30.Rxc5 Kf6 31.Rc6+ Kf5 32.Ra6 Kf4 33.g3+ Kf3 34.gxh4 Nxf2 35.Rxa7  1-0

[Event "9th Sparkassen Open"]
[Site "Forchheim GER"]
[Date "2010.10.01"]
[Round "1"]
[White "Bielmeier,L"]
[Black "Werner,T2"]
[Result "1-0"]
[WhiteElo "2157"]
[BlackElo "2004"]

1.c4 c6 2.g3 Nf6 3.Bg2 d5 4.Nf3 Bf5 5.b3 e6 6.O-O Nbd7 7.d3 Bd6 8.Bb2 O-O
9.Nbd2 e5 10.e4 dxe4 11.Nxe4 Bc7 12.Ba3 Bxe4 13.dxe4 Re8 14.Nh4 g6 15.Qe2 Bb6
16.Rad1 Bd4 17.Kh1 Qa5 18.Bc1 c5 19.Bh3 Qb6 20.Rd3 Qc6 21.f3 b5 22.cxb5 Qxb5
23.Bg5 Rab8 24.Rc1 a5 25.a4 Qa6 26.Qc2 Rb7 27.Bf1 Qe6 28.Bd2 Reb8 29.Bxa5 Rxb3
30.Rxb3 Qxb3 31.Bb5 Qa3 32.Bd2 Kg7 33.Rd1 Kf8 34.Bc1 Qc3 35.Qxc3 Bxc3 36.Ba3 Ke7
37.Ng2 Bd4 38.Ne1 Nb6 39.Rc1 Nxa4 40.Bxa4 Ra8 41.Rc4 Nd7 42.Kg2 Nb6 43.Bxc5+ Bxc5
44.Rxc5 Rxa4 45.Rxe5+ Kf6 46.Rb5 Nd7 47.Nd3 Rd4 48.Rb3 Nf8 49.Kf2 Rd7 50.Ke3 Ne6
51.h4 h6 52.Ra3 Rc7 53.Ra6 Ke7 54.Ra5 Rc2 55.Ra7+ Kf6 56.f4 Rc3 57.Kd2 Rc8
58.Ne5 Nd8 59.g4 Kg7 60.Kd3 Kg8 61.Rd7 Ne6 62.Rxf7 Rc5 63.Rf6 Nxf4+ 64.Kd4  1-0

[Event "21st Open"]
[Site "Goch GER"]
[Date "2010.10.01"]
[Round "2.51"]
[White "Thevessen,H"]
[Black "Groenegres,T"]
[Result "1/2-1/2"]
[WhiteElo "1922"]
[BlackElo "1720"]

1.c4 c6 2.Nc3 d5 3.cxd5 cxd5 4.d4 Nf6 5.g3 Nc6 6.Bg2 Bf5 7.a3 e6 8.Nf3 h6
9.O-O a6 10.b4 Rc8 11.Bb2 Bd6 12.Qd2 O-O 13.Rfc1 Ne4 14.Nxe4 Bxe4 15.Ne1 Bxg2
16.Kxg2 Qe7 17.Nd3 Rc7 18.Ne5 Rfc8 19.f4 Nb8 20.Rxc7 Rxc7 21.Rc1 Rxc1 22.Qxc1 Qc7
23.Qxc7 Bxc7 24.Kf3 Kf8 25.Nd3 Nd7 26.Nc5 Nxc5 27.dxc5 f6 28.e4 dxe4+ 29.Kxe4 Ke7
30.a4 b6 31.Bd4 b5 32.axb5 axb5 33.h4 h5  1/2-1/2

[Event "39th Olympiad Women"]
[Site "Khanty-Mansiysk RUS"]
[Date "2010.10.01"]
[Round "10"]
[White "Samaganova,A"]
[Black "Tay Li Jin Jeslin"]
[Result "0-1"]
[WhiteElo "2080"]
[BlackElo "2119"]

1.c4 c6 2.Nf3 d5 3.e3 Nf6 4.b3 Nbd7 5.Bb2 e6 6.Be2 Be7 7.d3 b6 8.Nbd2 Bb7
9.O-O c5 10.Ne5 O-O 11.f4 Ne8 12.Ndf3 f6 13.Ng4 Nd6 14.Qd2 Qe8 15.Nf2 Rd8
16.Rad1 Nb8 17.Qc1 Nc6 18.a3 Qg6 19.Ne1 Nf5 20.Bg4 Bc8 21.Nc2 Na5 22.Bxf5 exf5
23.Na1 Bb7 24.g3 Qe8 25.Bc3 d4 26.Bxa5  0-1

[Event "39th Olympiad Men"]
[Site "Khanty-Mansiysk RUS"]
[Date "2010.10.01"]
[Round "10"]
[White "Santos Flores,A"]
[Black "Warner,De"]
[Result "1/2-1/2"]
[WhiteElo "2356"]
[BlackElo "2240"]

1.c4 c6 2.e4 d5 3.exd5 cxd5 4.cxd5 Nf6 5.Bb5+ Bd7 6.Bc4 g6 7.Nc3 Bg7 8.Nf3 O-O
9.O-O Bc8 10.d3 Na6 11.Re1 Nc7 12.Qb3 a6 13.a4 b5 14.axb5 axb5 15.Rxa8 bxc4
16.Qa3 Nxa8 17.Qxa8 cxd3 18.Ne5 e6 19.Nxd3 Nxd5 20.Ne4 Nc3 21.Nec5 Nd5 22.h3 Qh4
23.Qa5 Qc4 24.Re4 Qc2 25.Qd2 Qxd2 26.Bxd2 Rd8 27.Ba5 Rd6 28.b4 Nc3 29.Rc4 Rc6
30.b5 Nxb5 31.Nb4 Rd6 32.Rc1 Nc3 33.Kf1 Bd7 34.Nxd7 Rxd7 35.Nc6 Rd1+ 36.Rxd1 Nxd1
37.Nb4 Bc3 38.Ke2 Nb2 39.Nd3 Bxa5 40.Nxb2 e5 41.g4 f6 42.Kf3 Bb6 43.Nd3 Kf7
44.g5 fxg5 45.Nxe5+ Ke6 46.Nc4 Bd8 47.Ke4 Bc7 48.f3 Bd8 49.Ne3 Bb6 50.Nc4 Bc5
51.Ne5 Bd6 52.Nc6 Bf4 53.Nd4+ Kd6 54.Ne2 Be5 55.Nc1 Bf6 56.Nd3 h5 57.Nb4 Kc5
58.Nd5 Bd8 59.Ne3 Bc7 60.Nd5 Bd6 61.Ne3  1/2-1/2

[Event "9th Sparkassen Open"]
[Site "Forchheim GER"]
[Date "2010.10.02"]
[Round "3"]
[White "Barthelmann,B"]
[Black "Heimrath,R"]
[Result "0-1"]
[WhiteElo "2101"]
[BlackElo "2231"]

1.c4 c6 2.Nf3 d5 3.b3 Bf5 4.g3 e6 5.Bg2 Qf6 6.d4 h6 7.O-O Nd7 8.Bb2 g5 9.Nbd2 h5
10.Re1 Qg6 11.cxd5 cxd5 12.e4 dxe4 13.Ne5 Nxe5 14.dxe5 Bb4 15.Nxe4 Bxe1 16.Nd6+ Kf8
17.Qxe1 Nh6 18.Qb4 Kg7 19.Qxb7 h4 20.Qe7 Rad8 21.Rc1 hxg3 22.hxg3 Rhf8 23.Rc7 Ng8
24.Nxf5+ Qxf5 25.Qc5 Rd1+ 26.Bf1 Qd3  0-1

[Event "9th Sparkassen Open"]
[Site "Forchheim GER"]
[Date "2010.10.03"]
[Round "4"]
[White "Turner,R"]
[Black "Neuner,Johannes"]
[Result "1-0"]
[WhiteElo "2168"]
[BlackElo "1959"]

1.c4 c6 2.Nf3 d5 3.b3 Nf6 4.Bb2 Bf5 5.d3 Nbd7 6.Nbd2 h6 7.g3 e6 8.Bg2 Bd6
9.d4 O-O 10.O-O Re8 11.h3 Rc8 12.Ne5 Ne4 13.Nxe4 Bxe4 14.Bxe4 dxe4 15.Qc2 Nf6
16.c5 Bb8 17.a3 Qd5 18.Rad1 Nd7 19.f3 exf3 20.e4  1-0

[Event "21st Open"]
[Site "Goch GER"]
[Date "2010.10.03"]
[Round "6.44"]
[White "May,Holger"]
[Black "Speck,S"]
[Result "1/2-1/2"]
[WhiteElo "1857"]
[BlackElo "2004"]

1.c4 c6 2.d4 d5 3.cxd5 cxd5 4.Bf4 Nc6 5.Nf3 Nf6 6.Nc3 e6 7.e3 Be7 8.Be2 O-O
9.h3 Bd7 10.O-O Rc8 11.Rc1 Ne8 12.Qd2 Nd6 13.b3 Ne8 14.Nb1 Nf6 15.Qb2 Be8
16.Rc2 Nd7 17.Rfc1 f6 18.Bb5 Qb6 19.Be2 Bg6 20.Rd2 Qa5 21.a4 Nb4 22.Rdd1 Rc2
23.Rxc2 Bxc2 24.Rc1 Bxb1 25.Qxb1 Nc6 26.Qb2 Rc8 27.g4 Qd8 28.Nd2 Nf8 29.Bg3 Bd6
30.Bxd6 Qxd6 31.Kg2 Ng6 32.Bb5 a6 33.Bxc6 Rxc6 34.Rxc6 Qxc6 35.f4 Ne7 36.Kf2 Nc8
37.Nb1 Nd6 38.Nd2 Kf7 39.Ke2 b5 40.axb5 Qxb5+ 41.Kf2 Nc4 42.Qc2 Nxd2 43.Qxd2 Qxb3
44.h4 Qb6 45.h5 Qd6 46.Qc2 g6 47.hxg6+ hxg6 48.Qc8 Kg7 49.Qb7+ Kg8 50.Qc8+ Kg7
51.Qb7+  1/2-1/2